[Event "Malmo"]
[Site "Malmo"]
[Date "1995.??.??"]
[Round "3"]
[White "Vescovi, Giovanni P"]
[Black "Sokolov, Ivan"]
[Result "0-1"]
[WhiteElo "2465"]
[BlackElo "2645"]
[PlyCount "22"]
[EventDate "1995.05.??"]
[Source "ChessBase"]

1. e4 e5 2. Bb5 c6 3. Ba4 Nf6 4. Qe2 Bc5 5. Nf3 d5 6. exd5 O-O 7. Nxe5 Re8 8. c3 Bxf2+ 9. Kf1 Bg4 10. Qxf2 Rxe5 11. Kg1 Qe7 0-1

[Event "otb"]
[Site "otb"]
[Date "2007.05.04"]
[Round "2"]
[White "Chernyshov Konstantin"]
[Black "Belozerov Andrei"]
[Result "1/2-1/2"]
[WhiteElo "2567"]
[BlackElo "2541"]
[PlyCount "133"]
[Source "www.chesslib.no"]
[SourceDate "2004.05.04"]

1. e4 e5 2. Bb5 Nf6 3. d3 Be7 4. Nf3 O-O 5. O-O c6 6. Ba4 d6 7. h3 Nbd7 8. Nc3 Nc5 9. Bb3 Re8 10. Be3 Nxb3 11. axb3 d5 12. Bg5 dxe4 13. dxe4 Qc7 14. Qe2 Be6 15. Rfd1 h6 16. Be3 Bb4 17. Nd2 a5 18. Qf3 Kh7 19. Ne2 b5 20. Ng3 Rad8 21. Nf5 Ng8 22. g4 g6 23. Ng3 Rd7 24. Qe2 Red8 25. Nf3 Rxd1+ 26. Rxd1 Rxd1+ 27. Qxd1 Qd6 28. Qa1 Qc7 29. Ne1 Nf6 30. Nd3 Bf8 31. Bc5 Bg7 32. Qe1 Nd7 33. Be3 c5 34. Nf1 c4 35. Nc1 cxb3 36. cxb3 Qc2 37. f3 b4 38. Qd2 Qc6 39. Kf2 f5 40. gxf5 gxf5 41. exf5 Bxf5 42. Ng3 Bxh3 43. Nce2 Qe6 44. Qd3+ Kg8 45. Ne4 Bf5 46. N2g3 Bg6 47. Bxh6 Bxh6 48. Qxd7 Qxd7 49. Nf6+ Kf7 50. Nxd7 Ke6 51. Nb6 Bc2 52. Ne4 Bf8 53. Nc4 Bxb3 54. Nxa5 Bd5 55. b3 Kf5 56. Nd2 Kf4 57. Nac4 Bc5+ 58. Ke2 Bd4 59. Nd6 Bc3 60. N6c4 Bf7 61. Ne4 Bd4 62. Ncd2 Be8 63. Nf2 Bb5+ 64. Nd3+ Kg3 65. Nc4 Bxc4 66. bxc4 b3 67. c5 1/2-1/2

[Event "EU-chT (Men)"]
[Site "Debrecen"]
[Date "1992.??.??"]
[Round "4"]
[White "Damaso, Rui"]
[Black "Pinter, Jozsef"]
[Result "1/2-1/2"]
[WhiteElo "2450"]
[BlackElo "2580"]
[PlyCount "53"]
[EventDate "1992.11.??"]
[Source "ChessBase"]

1. e4 e5 2. Bb5 c6 3. Ba4 Nf6 4. Nc3 d6 5. f4 Nbd7 6. Nf3 Nc5 7. Bb3 exf4 8. O-O Be7 9. d3 O-O 10. Ne2 a5 11. c3 Qb6 12. Kh1 Nxb3 13. Qxb3 Qxb3 14. axb3 Be6 15. Nfd4 g5 16. g3 Bh3 17. Rf3 Bg4 18. Rf2 c5 19. Nf3 fxg3 20. Nxg3 h6 21. Nxg5 Nd7 22. Nf3 Kh7 23. Bf4 Ra6 24. Nd2 Be6 25. Ndf1 Ne5 26. Bxe5 dxe5 27. Ne3 1/2-1/2

[Event "Groningen op"]
[Site "Groningen"]
[Date "1998.12.28"]
[Round "8"]
[White "Aagaard, Jacob"]
[Black "Urban, Klaudiusz"]
[Result "1-0"]
[WhiteElo "2420"]
[BlackElo "2485"]
[PlyCount "71"]
[EventDate "1998.12.??"]
[Source "www.chesslib.no"]
[SourceDate "2004.05.04"]

1. e4 e5 2. Bb5 c6 3. Ba4 Nf6 4. Qe2 Be7 5. Nf3 O-O 6. O-O Re8 7. d3 d6 8. c3 Nbd7 9. Bc2 Nf8 10. d4 Ng6 11. Rd1 Qc7 12. Na3 exd4 13. cxd4 Bf8 14. Nd2 Bd7 15. Qe3 c5 16. dxc5 dxc5 17. Nf1 c4 18. Qg3 Qc6 19. f3 b5 20. Nb1 b4 21. Qf2 Be6 22. Be3 Ne5 23. Nbd2 Nfd7 24. Qg3 Bc5 25. Kh1 f6 26. h3 Rad8 27. f4 Nd3 28. Nxc4 Nxf4 29. Na5 Qb6 30. Bxf4 Qxa5 31. Bc7 Qa6 32. Bxd8 Rxd8 33. Bb3 Kh8 34. Qc7 Bb6 35. Qc6 Bxb3 36. axb3 1-0

[Event "Katrineholm"]
[Site "Katrineholm"]
[Date "1995.??.??"]
[Round "?"]
[White "Vescovi, Giovanni P"]
[Black "Ekstroem, Roland"]
[Result "1-0"]
[WhiteElo "2465"]
[BlackElo "2430"]
[PlyCount "51"]
[EventDate "1995.04.??"]
[Source "ChessBase"]

1. e4 e5 2. Bb5 c6 3. Ba4 d5 4. Nc3 Nf6 5. exd5 b5 6. Bb3 b4 7. Na4 cxd5 8. d4 exd4 9. Ne2 Nc6 10. Nxd4 Na5 11. O-O Be7 12. c3 O-O 13. Bc2 Bg4 14. Qd3 Bh5 15. f4 bxc3 16. bxc3 Qc8 17. h3 Ne4 18. g4 Bxg4 19. hxg4 Qxg4+ 20. Kh2 Rac8 21. Rg1 Qh4+ 22. Qh3 Qxh3+ 23. Kxh3 Nxc3 24. Bb2 Nxa4 25. Rxg7+ Kxg7 26. Nf5+ 1-0

[Event "CZE Team Ch 9596"]
[Site "Czech Republic"]
[Date "1996.??.??"]
[Round "2"]
[White "Langner, Ladislav"]
[Black "Smejkal, Jan"]
[Result "0-1"]
[WhiteElo "2360"]
[BlackElo "2510"]
[PlyCount "60"]
[EventDate "1995.??.??"]
[Source "www.chesslib.no"]
[SourceDate "2004.05.04"]

1. e4 e5 2. c4 Nc6 3. Nc3 Bc5 4. d3 d6 5. Nge2 Nge7 6. Be3 Nd4 7. Nd5 Nxe2 8. Bxe2 Nxd5 9. cxd5 Bxe3 10. fxe3 Qg5 11. Kd2 c6 12. h4 Qd8 13. Qa4 O-O 14. Rac1 Bd7 15. Qb4 c5 16. Qb3 b5 17. a3 Rb8 18. Qc3 b4 19. axb4 Rxb4 20. Ra1 Qb6 21. Ra2 a5 22. Rha1 a4 23. Bd1 Ra8 24. Kc1 c4 25. d4 h6 26. g4 Qd8 27. dxe5 dxe5 28. Qxe5 Qxh4 29. Qf4 Qe1 30. Kc2 a3 0-1

[Event "Paris Ch"]
[Site "Paris FRA"]
[Date "1992.??.??"]
[Round "4"]
[White "De Sousa, Jose-Claude"]
[Black "Wells, Peter K"]
[Result "0-1"]
[WhiteElo "2395"]
[BlackElo "2470"]
[PlyCount "66"]
[EventDate "1992.04.??"]
[Source "www.chesslib.no"]
[SourceDate "2004.05.04"]

1. e4 e5 2. Bb5 Nf6 3. d4 Nxe4 4. Qe2 f5 5. f3 Nd6 6. Qxe5+ Qe7 7. Bd3 Qxe5+ 8. dxe5 Nf7 9. f4 d6 10. exd6 Bxd6 11. Be3 Nc6 12. Nc3 Nb4 13. O-O-O Nxd3+ 14. Rxd3 Bd7 15. Nge2 O-O-O 16. Nd4 a6 17. Nd5 Rhe8 18. g3 c5 19. Nf3 Bc6 20. Re1 c4 21. Rdd1 c3 22. Ng1 cxb2+ 23. Kxb2 Bxd5 24. Rxd5 Ba3+ 25. Kxa3 Rxd5 26. Nf3 Re4 27. Kb2 Nd6 28. Kc1 Nc4 29. Bf2 b5 30. Ng5 Rxe1+ 31. Bxe1 Ne3 32. Bc3 Rd1+ 33. Kb2 Nc4+ 0-1

[Event "HUN-chT 9798"]
[Site "Hungary"]
[Date "1997.??.??"]
[Round "?"]
[White "Nemeth, Zoltan"]
[Black "Petran, Pal"]
[Result "1-0"]
[WhiteElo "2425"]
[BlackElo "2425"]
[PlyCount "72"]
[EventDate "1997.??.??"]
[Source "www.chesslib.no"]
[SourceDate "2004.05.04"]

1. e4 e5 2. c4 Nc6 3. d3 Bc5 4. Be3 b6 5. a3 Nf6 6. b4 Bxe3 7. fxe3 d6 8. Be2 a5 9. b5 Nb8 10. Nc3 Nbd7 11. Bg4 Nc5 12. Bxc8 Rxc8 13. Ra2 Qd7 14. h3 c6 15. Rb2 O-O 16. Nge2 Qd8 17. bxc6 Rxc6 18. Ng3 Nfd7 19. O-O g6 20. Nd5 Qg5 21. Kh2 Rcc8 22. Rf3 Qd8 23. Rbf2 f6 24. Ne2 Rf7 25. Nec3 Qf8 26. Qf1 Kg7 27. g4 h6 28. h4 g5 29. hxg5 hxg5 30. Rh3 Ne6 31. Kg3 Nf4 32. exf4 exf4+ 33. Nxf4 gxf4+ 34. Rxf4 Ne5 35. Nd5 b5 36. Nxf6 bxc4 1-0

[Event "Baunatal op 8th"]
[Site "?"]
[Date "2002.08.10"]
[Round "4"]
[White "Reschke Stefan"]
[Black "Podzielny Karl Heinz"]
[Result "1/2-1/2"]
[WhiteElo "2355"]
[BlackElo "2488"]
[PlyCount "22"]
[EventDate "2002.??.??"]
[Source "www.chesslib.no"]
[SourceDate "2004.05.04"]

1. e4 e5 2. g3 f5 3. Bg2 Nf6 4. Nc3 Bb4 5. Nd5 a5 6. Nxb4 axb4 7. d4 fxe4 8. d5 O-O 9. Nh3 Na6 10. a3 Qe7 11. O-O bxa3 1/2-1/2

[Event "Santo Antonio"]
[Site "Santo Antonio"]
[Date "2001.05.26"]
[Round "8"]
[White "Damaso, Rui"]
[Black "Fernando, Diogo"]
[Result "1/2-1/2"]
[WhiteElo "2424"]
[BlackElo "2404"]
[PlyCount "23"]
[EventDate "2001.05.19"]
[Source "ChessBase"]
[SourceDate "2001.09.13"]

1. e4 e5 2. Bb5 a6 3. Ba4 Nf6 4. d4 exd4 5. e5 Nd5 6. Qxd4 Nb6 7. Bb3 Be7 8. Nf3 Nc6 9. Qf4 O-O 10. O-O d5 11. Nc3 Be6 12. Qg3 1/2-1/2

[Event "Corr"]
[Site "?"]
[Date "2002.08.05"]
[Round "?"]
[White "Poulheim Dr.Karl-Friedrich ("]
[Black "Brodda Wolfgang (GER)"]
[Result "0-1"]
[WhiteElo "2394"]
[BlackElo "2393"]
[PlyCount "100"]
[EventDate "2002.??.??"]
[Source "www.chesslib.no"]
[SourceDate "2004.05.04"]

1. e4 e5 2. Bb5 c6 3. Ba4 d5 4. exd5 Qxd5 5. Qf3 Nf6 6. Nc3 Qa5 7. Bb3 Na6 8. a3 Bd6 9. d3 Nc5 10. Ba2 Ne6 11. b4 Qc7 12. Nge2 a5 13. b5 Bd7 14. Rb1 O-O 15. Bxe6 Bxe6 16. O-O Bg4 17. Qe3 Nd5 18. Qg5 Bd7 19. bxc6 Nxc3 20. Nxc3 Bxc6 21. Re1 Rab8 22. Qd2 Rbc8 23. Re2 e4 24. dxe4 Bxh2+ 25. Kh1 Bd6 26. Nb5 Bxb5 27. Rxb5 Bc5 28. Qg5 Rfd8 29. Bf4 Qc6 30. Rb3 Rd1+ 31. Kh2 Re8 32. Rc3 b6 33. Rg3 Bf8 34. Rge3 Ra1 35. Qg3 Qc5 36. e5 Rxa3 37. Rxa3 Qxa3 38. Qg4 Qa4 39. c3 Qd1 40. Qf3 a4 41. Qe4 a3 42. f3 Bc5 43. c4 h6 44. Rd2 Qg1+ 45. Kh3 Qh1+ 46. Bh2 Bg1 47. g4 Bxh2 48. Rxh2 Qf1+ 49. Kh4 Qa1 50. Qc6 g5+ 0-1

[Event "II GM Chess Tournament Riviera"]
[Site "Opatija"]
[Date "2003.??.??"]
[Round "6"]
[White "Lovric, Branko"]
[Black "Naumkin, Igor"]
[Result "0-1"]
[WhiteElo "2369"]
[BlackElo "2412"]
[PlyCount "73"]
[EventDate "2003.03.14"]
[Source "Roberto Alvarez"]
[SourceDate "2003.03.31"]

1. e4 e5 2. c4 Bc5 3. Nc3 d6 4. d3 f5 5. exf5 Bxf5 6. Qf3 Ne7 7. g4 Bg6 8. Be3 Nbc6 9. h4 Nd4 10. Qd1 h5 11. g5 d5 12. Bg2 dxc4 13. Be4 cxd3 14. Qxd3 Bxe4 15. Qxe4 Qd7 16. O-O-O Qf5 17. Nf3 Ne2+ 18. Kc2 Nxc3 19. Qxf5 Nxf5 20. Kxc3 Bd6 21. Nd2 O-O-O 22. Ne4 Be7 23. Kc2 Nd6 24. Kd3 Rhf8 25. Nxd6+ Rxd6+ 26. Ke4 Ra6 27. a3 Bd6 28. Rd5 Ra4+ 29. Kd3 Kd7 30. Rb5 b6 31. Ke2 Rc4 32. Kd2 Re4 33. Rb3 c5 34. Ke2 Kc6 35. Rd3 c4 36. Rd2 Bc5 37. Rhd1 0-1

[Event "IBM-B"]
[Site "Amsterdam"]
[Date "1975.??.??"]
[Round "10"]
[White "Hartoch, Robert G"]
[Black "Ligterink, Gert"]
[Result "0-1"]
[WhiteElo "2375"]
[BlackElo "2365"]
[PlyCount "97"]
[EventDate "1975.??.??"]
[Source "ChessBase"]

1. g3 e5 2. Bg2 Nf6 3. e4 Bc5 4. Ne2 Nc6 5. c3 d5 6. exd5 Nxd5 7. d4 exd4 8. cxd4 Bb6 9. Nbc3 Be6 10. O-O O-O 11. Na4 Re8 12. h3 Qf6 13. Nxb6 axb6 14. b3 Ndb4 15. Bb2 Bd5 16. Nf4 Bxg2 17. Kxg2 Rad8 18. Qf3 Nc2 19. Rad1 N2xd4 20. Bxd4 Rxd4 21. Rxd4 Qxd4 22. Rd1 Qf6 23. Nd5 Qxf3+ 24. Kxf3 Rd8 25. Ke2 Rc8 26. Ne3 Kf8 27. f4 b5 28. Nd5 Re8+ 29. Kd3 Rd8 30. Kc3 Ne7 31. Ne3 Rxd1 32. Nxd1 Nc6 33. Ne3 Ke7 34. g4 Ke6 35. Nf5 g6 36. Ne3 Ne7 37. Kd4 b6 38. b4 f5 39. a3 c5+ 40. bxc5 Nc6+ 41. Kd3 bxc5 42. gxf5+ gxf5 43. a4 Nb4+ 44. Kc3 bxa4 45. Kc4 a3 46. Kb3 a2 47. Kb2 Nd3+ 48. Kxa2 Nxf4 49. h4 0-1

[Event "Candas Open"]
[Site "Candas"]
[Date "1992.??.??"]
[Round "5"]
[White "Ribeiro, Fernando"]
[Black "Hebden, Mark L"]
[Result "0-1"]
[WhiteElo "2220"]
[BlackElo "2500"]
[PlyCount "76"]
[EventDate "1992.10.??"]
[Source "www.chesslib.no"]
[SourceDate "2004.05.04"]

1. e4 e5 2. Bb5 c6 3. Ba4 Na6 4. d4 Nf6 5. Nf3 exd4 6. O-O d6 7. Nxd4 Be7 8. Nxc6 bxc6 9. Bxc6+ Bd7 10. Bxa8 Qxa8 11. Nc3 O-O 12. Re1 Be6 13. b3 Nc5 14. Qd4 Ng4 15. Bb2 Bf6 16. Qd2 Qb8 17. h3 Ne5 18. Qe3 Nc4 19. bxc4 Qxb2 20. Nd5 Bxd5 21. cxd5 Bd4 22. Qf3 Qxc2 23. Rad1 Be5 24. Qe2 Qxe2 25. Rxe2 Rb8 26. g3 g5 27. Kg2 Rb4 28. f3 a5 29. h4 f6 30. hxg5 fxg5 31. Kh3 Kg7 32. Kg4 Kg6 33. Rh1 Bg7 34. a3 Ra4 35. Rb1 Rxa3 36. Rb6 Be5 37. Rh2 Nd7 38. Ra6 Nf6+ 0-1

[Event "Australian Masters"]
[Site "Melbourne"]
[Date "2000.07.24"]
[Round "1"]
[White "Welling, Gerard"]
[Black "Chapman, Mark"]
[Result "1-0"]
[WhiteElo "2364"]
[BlackElo "2351"]
[PlyCount "57"]
[EventDate "2000.07.24"]
[Source "ChessBase"]
[SourceDate "2000.09.14"]

1. e4 e5 2. Bb5 c6 3. Ba4 Nf6 4. Nc3 Bc5 5. Nf3 d6 6. h3 b5 7. Bb3 b4 8. Na4 Nxe4 9. d4 exd4 10. O-O O-O 11. Re1 Bf5 12. Qd3 Qe7 13. Bg5 Nxg5 14. Rxe7 Bxd3 15. Nxg5 Bg6 16. Nxc5 dxc5 17. Rae1 Na6 18. Bc4 h6 19. Ne4 Bxe4 20. R1xe4 b3 21. Bxa6 bxc2 22. Re1 Rad8 23. R7e2 d3 24. Rd2 Rfe8 25. Rc1 Re2 26. Rxd3 Rde8 27. Re3 R8xe3 28. fxe3 Rd2 29. Kh2 1-0

[Event "Cannes op2"]
[Site "Cannes FRA"]
[Date "1990.??.??"]
[Round "?"]
[White "Strzelecki, Krzysztof"]
[Black "Meinsohn, Pierre"]
[Result "0-1"]
[WhiteElo "2415"]
[BlackElo "2295"]
[PlyCount "81"]
[EventDate "1990.??.??"]
[Source "www.chesslib.no"]
[SourceDate "2004.05.04"]

1. e4 e5 2. Bb5 Nf6 3. d3 c6 4. Ba4 Na6 5. c3 Nc5 6. Bc2 d5 7. f3 Ne6 8. Ne2 Bd6 9. Nd2 g5 10. Nf1 h5 11. Be3 Nf4 12. Rg1 h4 13. Qd2 Be6 14. g3 hxg3 15. hxg3 Nxe2 16. Qxe2 Nd7 17. O-O-O Qe7 18. Kb1 O-O-O 19. Nd2 Kb8 20. Nb3 b6 21. d4 f6 22. Qa6 Nf8 23. dxe5 fxe5 24. exd5 Bxd5 25. Be4 Bxe4+ 26. fxe4 Ne6 27. Qc4 Kb7 28. Qe2 Bc7 29. Rdf1 a5 30. Rf5 a4 31. Nd2 Rhg8 32. Rgf1 Qd7 33. Kc2 Rg7 34. Nc4 b5 35. Nxe5 Bxe5 36. Rxe5 Qd6 37. Ref5 Qxg3 38. Bf2 Qg2 39. Qe3 Qxf1 40. Qb6+ Kc8 41. Qa6+ 0-1

[Event "Pula op"]
[Site "Pula"]
[Date "1996.??.??"]
[Round "?"]
[White "Mestrovic, Zvonimir"]
[Black "Bozanic, Ivica"]
[Result "1-0"]
[WhiteElo "2470"]
[BlackElo "2240"]
[PlyCount "68"]
[EventDate "1996.05.??"]
[Source "www.chesslib.no"]
[SourceDate "2004.05.04"]

1. e4 e5 2. Bb5 c6 3. Ba4 Nf6 4. Nf3 Nxe4 5. c3 d5 6. O-O Bd6 7. d3 Nc5 8. Nxe5 Qh4 9. Re1 O-O 10. Bc2 Nbd7 11. Nf3 Qh5 12. d4 Ne6 13. Nbd2 Ng5 14. Ne5 Qxd1 15. Bxd1 Re8 16. h4 f6 17. hxg5 fxe5 18. c4 Kf8 19. cxd5 cxd5 20. Bb3 Nb6 21. dxe5 Rxe5 22. Rxe5 Bxe5 23. Nf3 Bd6 24. Be3 Be6 25. Nd4 Bd7 26. Ne2 Be6 27. Rd1 Rd8 28. Nc3 Be5 29. Nb5 Bb8 30. a4 Rd7 31. Bc5+ Kf7 32. Rd3 Nc4 33. Nd4 Ne5 34. Re3 b6 1-0

[Event "Cansys IM-Nov"]
[Site "Budapest"]
[Date "1991.??.??"]
[Round "8"]
[White "Orso, Miklos"]
[Black "Elbilia, Jacques"]
[Result "1/2-1/2"]
[WhiteElo "2400"]
[BlackElo "2305"]
[PlyCount "86"]
[EventDate "1991.11.??"]
[Source "www.chesslib.no"]
[SourceDate "2004.05.04"]

1. g3 e5 2. e4 Nf6 3. Bg2 Bc5 4. Ne2 Nc6 5. c3 d5 6. b4 Bb6 7. exd5 Nxd5 8. O-O O-O 9. a4 a6 10. Ba3 Nde7 11. a5 Ba7 12. c4 Bd4 13. Nbc3 Be6 14. d3 Qd7 15. Nxd4 Nxd4 16. Ne4 b6 17. Ng5 Ra7 18. Nxe6 Qxe6 19. Re1 Re8 20. f4 Ng6 21. Bb2 Qd7 22. axb6 cxb6 23. Bd5 Nc6 24. Bxc6 Qxc6 25. f5 Nf8 26. Rxe5 Rxe5 27. Bxe5 Re7 28. Bc3 Qh6 29. Qd2 Qh5 30. Re1 Rxe1+ 31. Qxe1 Qxf5 32. Qe5 Qg4 33. c5 bxc5 34. bxc5 f6 35. Qd5+ Ne6 36. c6 Qd1+ 37. Kf2 Qc2+ 38. Ke3 Kf7 39. Qd7+ Kg6 40. Qxe6 Qxc3 41. Qc4 Qe1+ 42. Kf3 Qf1+ 43. Ke3 Qe1+ 1/2-1/2

[Event "ARG-ch"]
[Site "Quilmes"]
[Date "1980.??.??"]
[Round "10"]
[White "Paglilla, Carlos"]
[Black "Cuasnicu, Oscar"]
[Result "0-1"]
[WhiteElo "2300"]
[BlackElo "2400"]
[PlyCount "70"]
[EventDate "1980.??.??"]
[Source "www.chesslib.no"]
[SourceDate "2004.05.04"]

1. e4 e5 2. c4 Nf6 3. Nc3 d6 4. g3 g6 5. Bg2 Bg7 6. Nge2 Nc6 7. d3 Be6 8. Nd5 Nd7 9. O-O O-O 10. Be3 Nd4 11. Bxd4 exd4 12. Ndf4 a5 13. a3 a4 14. Nxe6 fxe6 15. e5 Bxe5 16. Bxb7 Rb8 17. Bc6 Rxb2 18. Bxa4 Nc5 19. Bc6 Qb8 20. Nc1 Qb6 21. Bg2 Qa5 22. Ra2 Rxa2 23. Nxa2 Qxa3 24. Nc1 Rb8 25. h4 Qc3 26. h5 Kg7 27. Qg4 Rb1 28. h6+ Kf7 29. Qf3+ Bf6 30. Qc6 Rxc1 31. Qxc7+ Be7 32. Qc8 Rxf1+ 33. Bxf1 Qe1 34. f4 Qe3+ 35. Kh2 Qf3 0-1

[Event "Corr"]
[Site "?"]
[Date "2002.03.01"]
[Round "?"]
[White "Poulheim Karl Friedrich"]
[Black "Muri Heinrich"]
[Result "0-1"]
[WhiteElo "2345"]
[BlackElo "2343"]
[PlyCount "66"]
[EventDate "2002.??.??"]
[Source "www.chesslib.no"]
[SourceDate "2004.05.04"]

1. e4 e5 2. Bb5 c6 3. Ba4 Nf6 4. d3 Na6 5. c3 d5 6. Qe2 Nc5 7. Bc2 dxe4 8. dxe4 b6 9. Nf3 Ba6 10. c4 Qc7 11. O-O Ne6 12. b3 Bd6 13. Bb2 O-O 14. Rd1 Rad8 15. g3 Bc8 16. a3 Rfe8 17. b4 a6 18. Ba4 Bd7 19. Qe3 c5 20. Bxd7 Qxd7 21. Nc3 Nd4 22. Qd3 Qg4 23. Nxd4 exd4 24. f3 Qh3 25. Ne2 Nd7 26. Qb3 Re6 27. Rf1 f5 28. Rf2 fxe4 29. fxe4 Nf6 30. e5 Bxe5 31. Qf3 Ree8 32. bxc5 bxc5 33. Re1 Bd6 0-1

[Event "Ave-Kontakt Cup IMC"]
[Site "Olomouc CEC"]
[Date "2007.08.09"]
[Round "11"]
[White "Kireev, Al"]
[Black "Schneider Zinner, H."]
[Result "1-0"]
[WhiteElo "2380"]
[BlackElo "2296"]
[PlyCount "69"]
[EventDate "2007.08.01"]
[Source "www.chesslib.no"]
[SourceDate "2004.05.04"]

1. e4 e5 2. g3 d5 3. d3 Nf6 4. Bg2 dxe4 5. dxe4 Qxd1+ 6. Kxd1 Bc5 7. f3 Be6 8. Bh3 Bxh3 9. Nxh3 Ke7 10. Ke2 Nbd7 11. Nd2 Rad8 12. Nf2 Bxf2 13. Kxf2 Ke6 14. Nc4 h5 15. h4 g6 16. Be3 Nb6 17. Na5 Rb8 18. Rhd1 Nc8 19. Rd3 Ne7 20. Bxa7 Ra8 21. Nxb7 Nxe4+ 22. fxe4 Rxa7 23. Nc5+ Kf6 24. Ke2 Kg7 25. Rd7 Re8 26. a4 Ng8 27. b4 Nf6 28. Rd3 Rb8 29. c3 Ne8 30. Rd5 c6 31. Rd3 f5 32. Rd7+ Rxd7 33. Nxd7 Rc8 34. exf5 Rc7 35. Nc5 1-0

[Event "Mar del Plata op"]
[Site "Mar del Plata"]
[Date "1996.??.??"]
[Round "6"]
[White "Nogueira, Ivan Kuhlmann"]
[Black "Pereyra Arcija, Diego"]
[Result "0-1"]
[WhiteElo "2245"]
[BlackElo "2430"]
[PlyCount "74"]
[EventDate "1996.03.??"]
[Source "ChessBase"]

1. e4 e5 2. Bb5 c6 3. Ba4 Nf6 4. Nc3 b5 5. Bb3 b4 6. Na4 Nxe4 7. Qe2 d5 8. d3 Nf6 9. Qxe5+ Be7 10. Bf4 O-O 11. Nf3 c5 12. O-O Nc6 13. Qc7 Qxc7 14. Bxc7 Ba6 15. Nd2 Rac8 16. Bf4 c4 17. dxc4 dxc4 18. Bxc4 Bxc4 19. Nxc4 Nd4 20. Bd6 Bxd6 21. Nxd6 Rc6 22. Nb7 Ne6 23. Rfd1 Rxc2 24. Rac1 Rfc8 25. Rxc2 Rxc2 26. Nbc5 Kf8 27. Nxe6+ fxe6 28. h3 Ke7 29. Rd4 Nd5 30. Rd1 g5 31. g3 h5 32. Kf1 Kf6 33. Ke1 Ke5 34. Rd2 Rxd2 35. Kxd2 Kd4 36. b3 h4 37. Nb2 g4 0-1

[Event "WchT U26"]
[Site "Maringa"]
[Date "1991.??.??"]
[Round "1"]
[White "Ribeiro, Fernando"]
[Black "Costa, Jean-Luc"]
[Result "1/2-1/2"]
[WhiteElo "2245"]
[BlackElo "2410"]
[PlyCount "72"]
[EventDate "1991.??.??"]
[Source "www.chesslib.no"]
[SourceDate "2004.05.04"]

1. e4 e5 2. Bb5 c6 3. Ba4 Nf6 4. d3 Na6 5. c3 d5 6. Qe2 Nc5 7. Bc2 dxe4 8. dxe4 b6 9. Nd2 Ba6 10. Nc4 Qc8 11. Nf3 Qe6 12. Nfd2 Rd8 13. b3 g6 14. O-O Bh6 15. Rd1 O-O 16. Qf3 Bxc4 17. Nxc4 Rxd1+ 18. Qxd1 Bxc1 19. Rxc1 Ncxe4 20. Bxe4 Nxe4 21. Qe1 Nd6 22. Nxe5 Re8 23. Nf3 Qxe1+ 24. Rxe1 Rxe1+ 25. Nxe1 Ne4 26. c4 Nc3 27. a4 Kf8 28. Kf1 Ne4 29. Nf3 Nc5 30. Nd4 Ke8 31. Ke2 Kd7 32. Ke3 a5 33. g4 f6 34. f4 Kd6 35. h4 Ne6 36. Nf3 Nc5 1/2-1/2

[Event "Kecskemet3"]
[Site "Kecskemet HUN"]
[Date "1992.??.??"]
[Round "2"]
[White "Szalanczy, Emil"]
[Black "Gyimesi, Zoltan"]
[Result "0-1"]
[WhiteElo "2420"]
[BlackElo "2230"]
[PlyCount "114"]
[EventDate "1992.??.??"]
[Source "www.chesslib.no"]
[SourceDate "2004.05.04"]

1. e4 e5 2. Bb5 c6 3. Ba4 Nf6 4. Nc3 Bb4 5. Nge2 O-O 6. O-O d6 7. a3 Bxc3 8. Nxc3 Nbd7 9. d4 exd4 10. Qxd4 Nc5 11. e5 Nxa4 12. exf6 Nxc3 13. Qxc3 Qxf6 14. Qxf6 gxf6 15. Bh6 Re8 16. Rae1 Bf5 17. Re3 Bxc2 18. Rg3+ Bg6 19. f4 f5 20. h4 Kh8 21. Rd1 d5 22. Rdd3 Re6 23. Rb3 b6 24. Rg5 f6 25. Rgg3 Rg8 26. a4 Bh5 27. a5 b5 28. a6 Bg4 29. Rbc3 Rd8 30. Rxg4 fxg4 31. f5 Red6 32. Bf4 d4 33. Rc1 Rd5 34. Rxc6 d3 35. Bd2 R5d6 36. Rc7 R8d7 37. Rc8+ Kg7 38. h5 h6 39. Kf2 Rd5 40. Kg3 Rxf5 41. Rb8 Rxh5 42. Kxg4 Re5 43. Kf3 h5 44. g3 Kg6 45. Rb7 Rf7 46. Be3 Rd5 47. Bd2 Rfd7 48. b4 R5d6 49. Ke4 Rxb7 50. axb7 Rb6 51. Kxd3 Rxb7 52. Be3 Kf5 53. Kd4 Re7 54. Bh6 Kg4 55. Bf8 Rf7 56. Bd6 Rd7 57. Kc5 Rxd6 0-1

[Event "Abierto Open"]
[Site "Abierto"]
[Date "1994.??.??"]
[Round "8"]
[White "Ferron Garcia, Carlos"]
[Black "Garbisu de Goni, Unai"]
[Result "1/2-1/2"]
[WhiteElo "2345"]
[BlackElo "2290"]
[PlyCount "61"]
[EventDate "1994.??.??"]
[Source "www.chesslib.no"]
[SourceDate "2004.05.04"]

1. e4 e5 2. Bb5 Nc6 3. d3 Nf6 4. f4 exf4 5. Bxf4 d5 6. e5 Bg4 7. Qd2 Nh5 8. h3 Bd7 9. Bxc6 Bxc6 10. Bg5 Be7 11. Bxe7 Qxe7 12. Nf3 d4 13. O-O Bxf3 14. Rxf3 Qxe5 15. Qf2 Nf6 16. Nd2 O-O-O 17. Nc4 Qc5 18. Qg3 Rhg8 19. Re1 h6 20. Re5 Qf8 21. Qf4 Kb8 22. a4 Nd7 23. Rf5 f6 24. Rd5 Nc5 25. Qxd4 Ne6 26. Rxd8+ Qxd8 27. Qxd8+ Nxd8 28. Re3 Nc6 29. c3 Kc8 30. d4 Kd7 31. Nd2 1/2-1/2

[Event "RUS Ch sf"]
[Site "Orel"]
[Date "1992.??.??"]
[Round "?"]
[White "Dmitriev, Igor"]
[Black "Bezgodov, Alexei"]
[Result "1/2-1/2"]
[WhiteElo "2270"]
[BlackElo "2355"]
[PlyCount "122"]
[EventDate "1992.??.??"]
[Source "www.chesslib.no"]
[SourceDate "2004.05.04"]

1. e4 e5 2. Bb5 c6 3. Ba4 Nf6 4. d3 Na6 5. Nf3 Nc5 6. Bb3 d6 7. Be3 Nxb3 8. axb3 a6 9. h3 Be7 10. Nbd2 O-O 11. O-O Qc7 12. Nc4 Be6 13. Bb6 Qb8 14. Re1 Nd7 15. Ba5 b5 16. Ncd2 Qa7 17. Bc3 c5 18. b4 Qc7 19. Nf1 cxb4 20. Bxb4 a5 21. Bd2 d5 22. Ng5 Bxg5 23. Bxg5 f6 24. Bd2 d4 25. Ng3 Rfc8 26. Rc1 a4 27. Nf5 Nb8 28. c3 Qd7 29. cxd4 Rxc1 30. Bxc1 Bxf5 31. exf5 Nc6 32. dxe5 Nxe5 33. d4 Rd8 34. Qe2 Nc4 35. Qh5 b4 36. Re6 Nd6 37. Bf4 Nc8 38. Qe2 Kf8 39. Qe1 Qb7 40. Bd2 b3 41. Bb4+ Kf7 42. Bc5 Qd5 43. g4 h5 44. Qa5 hxg4 45. hxg4 Qd7 46. Qa6 Qd5 47. Qc6 a3 48. Qxd5 Rxd5 49. bxa3 Re5 50. dxe5 b2 51. exf6 b1=Q+ 52. Kh2 Qc1 53. Be3 Qc7+ 54. Kh3 gxf6 55. Bd4 Ne7 56. Rxf6+ Ke8 57. Re6 Kd7 58. Be5 Qa7 59. Bg3 Qxa3 60. Kh4 Qc1 61. Kh5 Qh1+ 1/2-1/2

[Event "Andorra zt"]
[Site "Andorra"]
[Date "1987.??.??"]
[Round "?"]
[White "Almeida, R."]
[Black "Izeta Txabarri, Felix"]
[Result "0-1"]
[WhiteElo "2240"]
[BlackElo "2380"]
[PlyCount "52"]
[EventDate "1987.03.??"]
[Source "ChessBase"]

1. e4 e5 2. Bb5 Nf6 3. d4 c6 4. dxe5 Nxe4 5. Qe2 Qa5+ 6. c3 Nxf2 7. Qxf2 Qxb5 8. Nf3 Na6 9. a4 Qd3 10. Ng5 Qg6 11. O-O Be7 12. Na3 O-O 13. Nc4 Bxg5 14. Bxg5 Qxg5 15. Nd6 Qxe5 16. Qd2 Nc7 17. Rae1 Qd5 18. Qf4 Ne6 19. Qg3 f5 20. Rd1 f4 21. Qh3 Qc5+ 22. Kh1 b6 23. Rfe1 Ba6 24. b4 Qg5 25. b5 cxb5 26. axb5 Bxb5 0-1

[Event "Balaton IM"]
[Site "?"]
[Date "2001.09.08"]
[Round "8"]
[White "Koch Hans Juergen"]
[Black "Petran Pal"]
[Result "1/2-1/2"]
[WhiteElo "2231"]
[BlackElo "2388"]
[PlyCount "63"]
[EventDate "2001.??.??"]
[Source "www.chesslib.no"]
[SourceDate "2004.05.04"]

1. e4 e5 2. c4 Nf6 3. Nc3 Bb4 4. d3 c6 5. Nf3 d6 6. Be2 Nbd7 7. O-O O-O 8. Ne1 Re8 9. Nc2 Bxc3 10. bxc3 d5 11. cxd5 cxd5 12. f3 h6 13. Ne3 Nf8 14. Rf2 Ng6 15. Bf1 Be6 16. Rb1 b6 17. exd5 Nxd5 18. Nxd5 Qxd5 19. Qa4 Bf5 20. Be3 Rec8 21. Qb3 Rd8 22. Rd2 Rac8 23. Qxd5 Rxd5 24. Rb3 Ra5 25. c4 Be6 26. Kf2 Rd8 27. Rdb2 f6 28. g3 Ne7 29. Bd2 Ra4 30. Rb4 Ra3 31. R4b3 Ra4 32. Rb4 1/2-1/2